<?xml version="1.0" encoding="UTF-8"?><?xml-stylesheet type="text/xsl" href="static/style.xsl"?><OAI-PMH xmlns="http://www.openarchives.org/OAI/2.0/" xmlns:xsi="http://www.w3.org/2001/XMLSchema-instance" xsi:schemaLocation="http://www.openarchives.org/OAI/2.0/ http://www.openarchives.org/OAI/2.0/OAI-PMH.xsd"><responseDate>2026-04-13T13:55:54Z</responseDate><request verb="GetRecord" identifier="oai:www.recercat.cat:10459.1/467078" metadataPrefix="marc">https://recercat.cat/oai/request</request><GetRecord><record><header><identifier>oai:recercat.cat:10459.1/467078</identifier><datestamp>2025-09-15T18:50:55Z</datestamp><setSpec>com_2072_3622</setSpec><setSpec>col_2072_479130</setSpec></header><metadata><record xmlns="http://www.loc.gov/MARC21/slim" xmlns:dcterms="http://purl.org/dc/terms/" xmlns:xsi="http://www.w3.org/2001/XMLSchema-instance" xmlns:doc="http://www.lyncode.com/xoai" xsi:schemaLocation="http://www.loc.gov/MARC21/slim http://www.loc.gov/standards/marcxml/schema/MARC21slim.xsd">
   <leader>00925njm 22002777a 4500</leader>
   <datafield ind2=" " ind1=" " tag="042">
      <subfield code="a">dc</subfield>
   </datafield>
   <datafield ind2=" " ind1=" " tag="720">
      <subfield code="a">Sitko, Sebastian</subfield>
      <subfield code="e">author</subfield>
   </datafield>
   <datafield ind2=" " ind1=" " tag="720">
      <subfield code="a">Francín-Gallego, Marina</subfield>
      <subfield code="e">author</subfield>
   </datafield>
   <datafield ind2=" " ind1=" " tag="720">
      <subfield code="a">Pano-Rodriguez, Alvaro</subfield>
      <subfield code="e">author</subfield>
   </datafield>
   <datafield ind2=" " ind1=" " tag="720">
      <subfield code="a">Oviedo Caro, Miguel Ángel</subfield>
      <subfield code="e">author</subfield>
   </datafield>
   <datafield ind2=" " ind1=" " tag="720">
      <subfield code="a">Mayolas Pi, Mª Carmen</subfield>
      <subfield code="e">author</subfield>
   </datafield>
   <datafield ind2=" " ind1=" " tag="720">
      <subfield code="a">Legaz Arrese, Alejandro</subfield>
      <subfield code="e">author</subfield>
   </datafield>
   <datafield ind2=" " ind1=" " tag="260">
      <subfield code="c">2024</subfield>
   </datafield>
   <datafield ind2=" " ind1=" " tag="520">
      <subfield code="a">Objectives
Depression is one of the most prevalent diseases worldwide, with almost half of the adolescent population affected according to latest research. Given this serious burden of disease, research points toward interventions that could effectively fight this disease in this population subset. One of these pivotal interventions is physical activity, although the effects of different sport types and sport performance level on depression have not yet been studied in adolescent populations. Accordingly, the objective of the current study was to assess the relationship between depressive symptoms, sport type and performance level in a large adolescent population.
Design
Cross-sectional study assessing a large cohort of adolescents through self-reported data.
Methods
10,248 participants aged 11–19 years old answered questionnaires regarding depressive symptoms and sporting habits and were classified according to their sport performance level: from physically inactive to internationally competitive.
Results
Girls reported higher incidence of depressive symptoms than boys, difference that further increased during late adolescence. Performance level was related to depressive symptoms: inactive participants reported the highest depressive scores while internationally competitive athletes reported the lowest. However, there were no differences between competitive athletes of different performance levels. Further, sport type had a small influence on depressive symptoms.
Conclusions
All these findings result in a potential guideline for future research and community health recommendations: as long as sufficient physical activity levels are met and the adolescent engages in sporting activities, the protection against depressive symptoms remains largely unrelated to the sport type and the level at which he or she performs.</subfield>
   </datafield>
   <datafield ind2=" " ind1=" " tag="520">
      <subfield code="a">This research was funded by a grant from the Government of Aragón (Grant Number S25_23R).</subfield>
   </datafield>
   <datafield tag="653" ind2=" " ind1=" ">
      <subfield code="a">Mental health</subfield>
   </datafield>
   <datafield tag="653" ind2=" " ind1=" ">
      <subfield code="a">Physical activity</subfield>
   </datafield>
   <datafield tag="653" ind2=" " ind1=" ">
      <subfield code="a">Questionnaire</subfield>
   </datafield>
   <datafield tag="653" ind2=" " ind1=" ">
      <subfield code="a">Psychology</subfield>
   </datafield>
   <datafield ind2="0" ind1="0" tag="245">
      <subfield code="a">Sport practice and depression during adolescence: Special emphasis on performance level and sport discipline</subfield>
   </datafield>
</record></metadata></record></GetRecord></OAI-PMH>